Normal view
MARC view
- TECHNOLOGY & ENGINEERING / Civil / Dams & Reservoirs.
Entry Topical Term
001 - CONTROL NUMBER
- control field: 20079
003 - CONTROL NUMBER IDENTIFIER
- control field: NUST
005 - DATE AND TIME OF LATEST TRANSACTION
- control field: 20190906071339.0
008 - FIXED-LENGTH DATA ELEMENTS
- fixed length control field: 190906|| aca||aabn | a|a d
040 ## - CATALOGING SOURCE
- Original cataloging agency: NUST
- Transcribing agency: NUST
150 ## - HEADING--TOPICAL TERM
- Topical term or geographic name entry element: TECHNOLOGY & ENGINEERING / Civil / Dams & Reservoirs.
670 ## - SOURCE DATA FOUND
- Source citation: Work cat.: (NUST)0: Fell, Robin. 20077, Geotechnical engineering of dams /
